03963nam a2200565Ia 45000010005000000080041000050100009000460410014000550820026000692450168000952600018002633000006002815200007002876300027002946300024003216300013003456300016003586500039003746900014004137000037004277000043004647000043005077000042005509010137005929020006007299030045007359040018007809050031007989060006008299070014008359080014008499090039008639100015009029110010009179120014009279130009009419140029009509150019009799160009009989170009010079180014010169190027010305202281010579210007033389220007033459230006033529240014033589420010033729990015033821409241029s9999 xx 000 0 und d a1313 aEspañol aUNICA MAEST. 005 1999 0aExistencia y efectividad de mecanismos de control docente y administrativo en la aplicación del nuevo currículo, Educación Media en el Distrito 03-01 de Azua aSanto Domingo a0 a29 aCapacitación Docente aDescentralización aDocentes aEfectividad aAdministración de la Educación aElaborado easesora Bautista Pérez, Juan  eautoraOvando Pared, Ayamina Francesca eautoraMesa Díaz, María del Carmen eautoraPérez Nova, María Antonia  a{"1":"Ovando Pared","2":"Mesa Díaz","3":"Pérez Nova"}b{"1":"Ayamina Francesca","2":"María del Carmen","3":"María Antonia "} a1 a{"1":" Bautista Pérez"}b{"1":"Juan "} aMaestría en aAdministración Educativa a2 aNO APLICA aNO APLICA aUniversidad Interamericana (UNICA) aNULLbNULL a["1"] aNO APLICA aNULL a01 de Septiembre de 1999 a08/07/15 03:07 aNULL aNULL aNO APLICA a["30","61","70","219"] aLa investigación se planteó como objetivos generales, determinar la existencia y efectividad de mecanismos de control y administrativo en la aplicación del nuevo currículo de la educación media en el Distrito Educativo 03-01 de la Región de Azua. El diseño utilizado fue explicativo e hipotético. La población objeto de estudio para la investigación estuvo compuesta principalmente por dos soportes en los cuales recae directamente la responsabilidad que se implemente real y efectivamente la aplicación del currículo de la educación media, se refiere a los directores y los profesores de los centros educativos. Para la muestra se utilizó el muestreo aleatorio, de los cuales se escogieron 5 centros educativos, 62 maestros, y 36 alumnos. Los instrumentos utilizados fueron la observación directa y cuestionarios de encuesta, aplicados a directores, maestros y estudiantes.El estudio destaca las siguientes conclusiones: Los miembros de la comunidad educativa conocen sobre la existencia de un nuevo currículo en la educación; se afirma que existen mecanismos de control del rendimiento de maestros y alumnos; que se realiza la supervisión a la labor docente, pero hay contradicción en las respuestas, pues directores dicen que la realizan los supervisores adjuntos y, los maestros y estudiantes dicen que las realiza el director, pero, al observar los registros de los maestros, las visitas de supervisión son realizadas por Asesores Regionales; se entiende que el currículo no está siendo aplicado en su totalidad, ni con el grado de certeza y compromiso requerido del docente para una educación de calidad.Se recomienda que la instancia educativa correspondiente, llámese Dirección Regional o Distrito Educativo, dote a las direcciones de los centros de los instrumentos necesarios para llevar un control docente y administrativo. Que los Asesores Regionales y supervisores del Distrito Educativo 03-01 difundan una serie de instrumentos que permitan determinar si los controles aplicados en la aplicación de nuevo currículo son eficientes. Que se realice la planificación educativa sobre la base de un modelo participativo consensual para superar la centralización en la toma de decisiones que existe actualmente. a16 a16 a0 aNO APLICA cTesis c1313d1313